• 首页
  • 本馆介绍
  • 公告通知
  • 最新文献
  • 馆藏检索
  • 电子资源
  • 读者导购
  • 参考咨询
  • 我的图书馆
  • 登录
  • 详细信息显示
  • 放入我的书架
  • 预约/预借图书
  • 作者相关作品
  • 分类相关作品
  • 丛书相关作品
  • 出版社相关作品

书目信息

  • 表格格式
  • 工作单格式
  • 卡片格式
题名:
像典图集
    
 
作者: 李沛森 主编
分册:   速写篇
出版信息: 哈尔滨   黑龙江美术出版社  2017
页数: 160页
开本: 39cm
丛书名:
单 册:
中图分类: G634.955.3
科图分类:
主题词: 速写技法--高考--升学参考资料
电子资源:
ISBN: 978-7-5593-0675-3
000 00803nam0 2200229 450
001 012001003801
005 20140114132649.0
010    @a978-7-5593-0675-3@dCNY96.00
100    @a20180217d2017 em y0chiy50 ea
101 0  @achi
102    @aCN@b230000
105    @aa z 000yy
106    @ad
200 1  @a像典图集@Axiang dian tu ji@i速写篇@f李沛森主编
210    @a哈尔滨@c黑龙江美术出版社@d2017
215    @a160页@d39cm
330    @a本书主要内容包括:女青年动态、站姿、坐姿,男青年蹲姿,场景速写,男性站姿、坐姿,运动类动态,生活类动态,劳动类动态,学习类组合,娱乐类组合,劳动类组合,民族类组合,休闲类组合等。
606 0  @a速写技法@x高考@j升学参考资料
690    @aG634.955.3@v5
701  0 @a李沛森@Ali pei sen@4主编
801    @b江苏凤凰@c20191020
905    @b1237083-6@dG634.955.3@e1600@f4
    
    像典图集.速写篇/李沛森主编.-哈尔滨:黑龙江美术出版社,2017
    160页;39cm
    
    
    ISBN 978-7-5593-0675-3:CNY96.00
    本书主要内容包括:女青年动态、站姿、坐姿,男青年蹲姿,场景速写,男性站姿、坐姿,运动类动态,生活类动态,劳动类动态,学习类组合,娱乐类组合,劳动类组合,民族类组合,休闲类组合等。
●
相关链接 在E读中查询图书 在五车中查询图书 在当当中查询图书 在豆瓣中查询图书


正题名:像典图集     索取号:G634.955.3/1600         预约/预借

序号 登录号 条形码 馆藏地/架位号 状态 备注
1 1237083   212370833   第一样本阅览室/ [索取号:G634.955.3/1600] 在馆    
2 1237084   212370842   教育系资料室/ [索取号:G634.955.3/1600] 在馆    
3 1237085   212370851   教育系资料室/ [索取号:G634.955.3/1600] 在馆    
4 1237086   212370860   第四借阅区/ [索取号:G634.955.3/1600] 在馆    
唐山师范学院图书馆 欢迎您!
大连网信软件有限公司© 版权所有